000 00744cab a2200253 4500
001 WB2338-26
008 090401t1987 xxu||||| |||| 00| 0 eng d
035 _a(Sirsi) u7102
041 _aeng
245 _aPINCS delay
260 _c1987
350 _a0
490 _aFinancial Times
_v22/9/87 p10
520 _aThe introduction of PINCs to the Stock Exchange, planned for next month, has been postponed at least until April 1988 for commercial reasons.
650 _aCOUNTY BANK
650 _aFINANCIAL SERVICES ACT 1986
650 _aINVESTMENT
650 _aPROPERTY INCOME CERTIFICATES
650 _aCBRE
650 _aSINGLE UNIT PROPERTY TRUSTS
690 _aPROPERTY LAW AND PRACTICE
942 _n0
948 _c04/03/1997
999 _c4241
_d4241